Catálogo público

Insecticidas organosintéticos biológicos y biorracionales para el control de fungus Gnat en Laelia anceps L. en la UMA orquideario Chapingo/ (Record no. 220718)

MARC details
000 -CABECERA
campo de control de longitud fija 03095nam a2200337 a 4500
003 - IDENTIFICADOR DEL NÚMERO DE CONTROL
campo de control OSt
005 - FECHA Y HORA DE LA ÚLTIMA TRANSACCIÓN
campo de control 20250811120339.0
007 - CAMPO FIJO DE DESCRIPCIÓN FÍSICA--INFORMACIÓN GENERAL
campo de control de longitud fija cr ||||||a|a|a
008 - DATOS DE LONGITUD FIJA--INFORMACIÓN GENERAL
campo de control de longitud fija 250701s2025 mx a|||fom||| 001 0 spa d
040 ## - FUENTE DE LA CATALOGACIÓN
Normas de descripción rda
100 1# - ENTRADA PRINCIPAL--NOMBRE DE PERSONA
Nombre de persona Pérez Martínez, Slim Yudi
9 (RLIN) 190533
245 10 - MENCIÓN DE TÍTULO
Título Insecticidas organosintéticos biológicos y biorracionales para el control de fungus Gnat en Laelia anceps L. en la UMA orquideario Chapingo/
Mención de responsabilidad, etc. por Slim Yudi Pérez Martínez; director de tesis Candelario Santillán Ortega; secretario Francisco Suazo López; vocal Jaime Alfredo Urzua Gutierez; suplente Calixto Leopoldo Carrillo Fonseca; suplente Santos Gerardo Leyva Mir.
264 #1 - PRODUCCIÓN, PUBLICACIÓN, DISTRIBUCIÓN, FABRICACIÓN Y COPYRIGHT
Producción, publicación, distribución, fabricación y copyright Chapingo, México :
Nombre del de productor, editor, distribuidor, fabricante El autor,
Fecha de producción, publicación, distribución, fabricación o copyright 2024.
300 ## - DESCRIPCIÓN FÍSICA
Extensión 1 recurso en línea (59 páginas):
Otras características físicas cuadros, figuras.
336 ## - TIPO DE CONTENIDO
Fuente rdacontent
Término de tipo de contenido texto
Código de tipo de contenido txt
337 ## - TIPO DE MEDIO
Fuente rdamedia
Nombre/término del tipo de medio computadora
Código del tipo de medio c
338 ## - TIPO DE SOPORTE
Fuente rdacarrier
Nombre/término del tipo de soporte recurso en línea
Código del tipo de soporte cr
502 ## - NOTA DE TESIS
Tipo de título Ingeniero Agrónomo Especialista en Parasitología Agrícola
Nombre de la institución que otorga el título Departamento de Enseñanza, Investigación y Servicio en Parasitología Agrícola,
Año de obtención del título 2024.
Información miscelánea Licenciatura
504 ## - NOTA DE BIBLIOGRAFÍA, ETC.
Nota de bibliografía, etc. Incluye referencias bibliográficas: páginas 44-59 .
520 ## - SUMARIO, ETC.
Sumario, etc. La presencia de la larva de fungus gnat se ha vuelto uno de los principales problemas en invernaderos y viveros dedicados a la producción de ornamentales, así como árboles forestales, ocasionando pérdidas superiores al 30 %. El objetivo del presente estudio fue evaluar productos químicos y biológicos para el control de fungus gnat la cual es larva de Bradysia impatiens (Johannsen, 1912) que ocasiona problemas en orquídeas como lo es Laelia anceps (Lindley, 1835) causando daño a las raíces, reduciendo la absorción de agua y nutrientes e introduciendo hongos fitopatógenos en dicha orquídea en la UMA orquideario Chapingo. El ciclo de vida de Bradysia impatiens (Johansen, 1912) es de 30 días en este tiempo se realizó el experimento bajo condiciones de temperatura de 15 °C a 28 °C se utilizaron los productos químicos: imidacloprid y cipermetrina y los bioplaguicidas: Bacillus thuringiensis var. israelensis (BTI), spinetoram y extracto de neem, realizando tres aplicaciones de cada producto con intervalo de siete días de aplicación, en el cual se evaluó la presencia de larvas vivas con ayuda de un atrayente, el cual fue rodajas de papa (Solanum tuberosum). Se determinó el mejor tratamiento para el combate de la larva con base en la presencia final de larvas para tener un método de control efectivo y rentable, obteniendo el tratamiento 1 (imidacloprid) y el 3 (extracto de neem) como los más efectivos.
650 #4 - PUNTO DE ACCESO ADICIONAL DE MATERIA--TÉRMINO DE MATERIA
Término de materia o nombre geográfico como elemento de entrada Bradysia impatiens
Subdivisión general Control
9 (RLIN) 190888
650 #4 - PUNTO DE ACCESO ADICIONAL DE MATERIA--TÉRMINO DE MATERIA
Término de materia o nombre geográfico como elemento de entrada Orquídeas
Subdivisión general Plagas
-- Control
9 (RLIN) 190889
650 #4 - PUNTO DE ACCESO ADICIONAL DE MATERIA--TÉRMINO DE MATERIA
Término de materia o nombre geográfico como elemento de entrada Insecticidas
Subdivisión general Análisis
9 (RLIN) 58856
700 1# - PUNTO DE ACCESO ADICIONAL--NOMBRE DE PERSONA
Nombre de persona Santillán Ortega, Candelario
9 (RLIN) 102429
700 1# - PUNTO DE ACCESO ADICIONAL--NOMBRE DE PERSONA
Nombre de persona Suazo López, Francisco
9 (RLIN) 110131
Término indicativo de función/relación secretario.
700 1# - PUNTO DE ACCESO ADICIONAL--NOMBRE DE PERSONA
Nombre de persona Urzúa Gutiérrez, Jaime Alfredo
9 (RLIN) 117018
Término indicativo de función/relación vocal.
700 1# - PUNTO DE ACCESO ADICIONAL--NOMBRE DE PERSONA
Nombre de persona Carrillo Fonseca, Calixto Leopoldo
9 (RLIN) 19482
Término indicativo de función/relación suplente.
700 1# - PUNTO DE ACCESO ADICIONAL--NOMBRE DE PERSONA
Nombre de persona Leyva Mir, Santos Gerardo
Término indicativo de función/relación suplente.
9 (RLIN) 66581
856 ## - LOCALIZACIÓN Y ACCESO ELECTRÓNICOS
Identificador Uniforme del Recurso http://10.13.5.2/tesis/tl/1811980-9_PEREZ_MARTINEZ_SLIMYUDI.pdf
Nota pública DESCARGAR PDF
942 ## - ELEMENTOS DE PUNTO DE ACCESO ADICIONAL (KOHA)
Fuente del sistema de clasificación o colocación Clasificación Universidad Autónoma Chapingo
Tipo de ítem Koha Tesis digital
Holdings
Estado de retiro Estado de pérdida Fuente del sistema de clasificación o colocación Estado dañado Restricciones de uso No para préstamo Código de colección Localización permanente Ubicación/localización actual Ubicación en estantería Fecha de adquisición Total de préstamos Signatura topográfica completa Fecha visto por última vez Precio válido a partir de Tipo de ítem Koha
    Clasificación Universidad Autónoma de Chapingo   Préstamo interno   Tesis digitales de Licenciatura Biblioteca Digital Biblioteca Digital En línea 01/07/2025   Tesis digital 01/07/2025 01/07/2025 Tesis digital